Universities with the Largest Libraries Quiz Stats

 Plays Quiz Updated Jan 12, 2012

Challenge
Share
Tweet
Embed
Score 0/20 Timer 04:00
2 Plays Today
Print Material University % Correct
16,557,002Harvard University
98.2%
12,564,157Yale University
95.1%
7,075,441Princeton University
82.4%
6,223,214University of Pennsylvania
73.3%
8,500,000Stanford University
71.8%
9,045,818University of California - Los Angeles
69.8%
9,853,414University of Texas
66.4%
10,449,223Columbia University
66%
9,575,256University of Michigan
65.2%
11,026,554University of California - Berkeley
61.7%
Print Material University % Correct
8,036,029Cornell University
60.7%
6,206,443Ohio State University
52.2%
6,031,761Duke University
50.7%
6,735,325University of North Carolina
45.4%
7,549,765University of Washington
44.2%
12,780,067University of Illinois
40.9%
8,310,732University of Wisconsin
38%
8,830,151University of Chicago
37.2%
8,543,025Indiana University
36.3%
6,975,576University of Minnesota
30.3%

You're not logged in!

Compare scores with friends on all Sporcle quizzes.
OR
Log In

You Might Also Like...

Show Comments

Extras

Top Quizzes Today


Score Distribution

Your Account Isn't Verified!

In order to create a playlist on Sporcle, you need to verify the email address you used during registration. Go to your Sporcle Settings to finish the process.

Report this User

Report this user for behavior that violates our Community Guidelines.

Details: